Score 0/20 Timer 02:00
5 Plays Today
Quote Answer % Correct
The first rule of Fight Club is, you do not _____ about Fight Club.Talk
90.7%
Love means never having to say you're _____,.Sorry
90%
I'm going to make him an _____ he can't refuse.Offer
86.7%
My name is Inigo Montoya. You killed my _____. Prepare to die.Father
85.1%
Today, I consider myself the luckiest man on the _____ of the earth.Face
74.2%
What we've got here is _____ to communicate.Failure
71.6%
Take your stinking _____ off me, you damn dirty ape.Paws
71%
I'm as _____ as hell, and I'm not going to take this anymore!Mad
70.6%
Oh, Jerry, don’t let’s ask for the _____. We have the stars.Moon
66.3%
I have _____, Greg. Could you milk me?Nipples
64.2%
Quote Answer % Correct
We're on a mission from _____.God
60.4%
I love the smell of _____ in the morning.'Napalm
55.5%
Are you gonna _____ all day, little doggie, or are you gonna bite?Bark
54%
Oh, no, it wasn't the airplanes. It was _____ killed the Beast.Beauty
49.1%
I coulda been a _____. I could've been somebody, instead of a bum.Contender
44.2%
You look nervous. Is it the _____? You want to know how I got 'em?Scars
38.9%
The greatest trick the _____ ever pulled was convincing the world he didn't exist.'Devil
38.1%
They call it a 'Royale with _____.'Cheese
34%
_____, for lack of a better word, is good.Greed
28.6%
I just want to say one word to you - just one word… ‘_____.’Plastics
11.8%

Today's Daily Dose

Remove Ads.
Support Sporcle.
Get the best of Sporcle when you Go Orange. This ad-free experience offers more features, more stats, and more fun while also helping to support Sporcle. Thank you for becoming a member.

You're not logged in!

Compare scores with friends on all Sporcle quizzes.
OR
Log In

Show Comments

Extras

Top Quizzes Today


Score Distribution

Your Account Isn't Verified!

In order to create a playlist on Sporcle, you need to verify the email address you used during registration. Go to your Sporcle Settings to finish the process.

Report this User

Report this user for behavior that violates our Community Guidelines.

Details: